| 000 | 00678nam a22002177a 4500 | ||
|---|---|---|---|
| 005 | 20251108171002.0 | ||
| 008 | 250721s1994 xx 000 0 ara d | ||
| 020 | _a9770245615 | ||
| 082 | 1 | 4 | _aط/923.173/خضر |
| 100 | 1 | _aخضر، أحمد | |
| 245 | 1 | 0 | _aفرانكلين روزفلت إلى القمة على كرسي متحرك / |
| 250 | _aط.2 | ||
| 264 | 1 |
_aالقاهرة : _bدار المعارف، _c[1994]. |
|
| 300 | _a56ص. | ||
| 490 | 0 |
_aعظماء.. عاشوا بالأمل _v3 |
|
| 650 | 1 | 7 | _aالولايات المتحدة |
| 650 | 1 | 7 | _aرؤساء الدول |
| 653 | _aناشئون صغار (10-14 سنة) | ||
| 942 |
_2ddc _cBK |
||
| 999 |
_c53713 _d53713 |
||